[Event "73rd RUS-ch Higher League 2020"]
[Site "Sochi"]
[Date "2020.10.08"]
[Round "1.1"]
[White "Artemiev, Vladislav"]
[Black "Sviridov, Valery"]
[Result "1/2-1/2"]
[WhiteElo "2716"]
[BlackElo "2558"]
[Annotator "TA"]
[PlyCount "61"]
[EventDate "2020.10.08"]
[EventType "swiss"]
[EventCountry "RUS"]
[SourceTitle "playchess.com"]
[Source "ChessBase"]
[SourceQuality "1"]

{[%evp 20,61,16,6,4,9,41,0,0,0,40,15,37,17,28,11,35,28,18,16,18,10,24,10,23,22,7,0,0,3,10,0,0,0,0,0,0,0,0,0,0,0,0,0]} 1. d4 g6 2. e4 Bg7 3. Nc3 d6 4. g3 Nf6 5. Bg2 O-O 6. Nge2 e5 7. h3 exd4 8. Nxd4 Nc6 9. Be3 Re8 10. O-O Bd7 11. Re1 Qc8 {B07: Pirc Defence: Miscellaneous Systems.} 12. Kh2 Re5 13. Nf3 Re8 14. Nd4 Re5 15. Nxc6 bxc6 {[%cal Bb7c6,Bc6c5][%mdl 32]} 16. Bd4 Rh5 {[%cal Rd7h3]} 17. h4 Ng4+ 18. Kg1 Ne5 19. f4 Bg4 20. Qd2 c5 $1 {[#] White must now prevent ...Nc4.} 21. Nd5 $146 ({Predecessor:} 21. Bxe5 dxe5 22. f5 Qd8 23. Qxd8+ Rxd8 24. fxg6 hxg6 25. Nd5 g5 26. Ne3 Be6 27. Bf3 Rh6 28. hxg5 Rg6 29. Rad1 {0-1 (70) Shevelev,A (2309)-Mindlin,A (2442) Batumi 2018}) 21... Nf3+ 22. Bxf3 $1 Bxd4+ {The position is equal.} 23. Kg2 $1 Bxf3+ 24. Kxf3 {[#] Strongly threatening Ne7+.} Qb7 $1 25. c3 Rxd5 $1 26. exd5 Qxd5+ 27. Kg4 $1 {[%cal Rg4h3]} Qf5+ $1 28. Kf3 Qd5+ 29. Kg4 $1 {[%cal Rg4h3] Kh3 is the strong threat.} Qf5+ $1 30. Kf3 {Hoping for g4.} Qd5+ 31. Kg4 $1 {Not much happened in this game. Accuracy: White = 100%, Black = 95%.} 1/2-1/2

[Event "73rd RUS-ch Higher League 2020"]
[Site "Sochi"]
[Date "2020.10.08"]
[Round "1.2"]
[White "Iljiushenok, Ilia"]
[Black "Esipenko, Andrey"]
[Result "1/2-1/2"]
[WhiteElo "2515"]
[BlackElo "2682"]
[Annotator "TA"]
[PlyCount "80"]
[EventDate "2020.10.08"]
[EventType "swiss"]
[EventCountry "RUS"]
[SourceTitle "playchess.com"]
[Source "ChessBase"]
[SourceQuality "1"]

{[%evp 15,80,19,19,18,17,6,11,12,26,0,0,0,2,0,0,0,0,0,16,29,15,22,20,22,22,18,27,39,31,29,34,23,32,31,28,12,19,10,16,16,23,8,8,8,16,5,25,3,6,-34,-34,-34,-34,-47,0,0,0,0,0,0,0,0,0,0,0,0,0]} 1. e4 e5 2. Nf3 Nc6 3. Bb5 a6 4. Ba4 Nf6 5. O-O Be7 6. d3 b5 7. Bb3 d6 8. a4 {8.a3 is more advanced technology. Played by Quang Liem Le in September 2020.} Bd7 9. Bd2 {C84: Closed Ruy Lopez: Unusual White 6th moves.} O-O 10. h3 h6 11. Re1 Re8 12. Nc3 Na5 13. Ba2 b4 14. Nd5 Nxd5 15. Bxd5 {[#]} c6 $146 ({Predecessor:} 15... Rb8 16. Nh2 c6 17. Ba2 b3 18. Bxa5 Qxa5 19. Bxb3 Bg5 20. Qf3 Re7 21. Ng4 Bxg4 22. Qxg4 {1-0 (52) Lagno,K (2546)-Abdumalik,Z (2478) chess24.com INT 2020}) 16. Ba2 c5 17. c3 bxc3 18. bxc3 Qc7 19. Bd5 Rab8 20. Qc2 Bf6 21. Rab1 Be6 22. Be3 Qd7 23. Bxe6 Qxe6 24. Rxb8 Rxb8 25. Rb1 Rxb1+ 26. Qxb1 {Strongly threatening Qb6.} Qb3 27. Qxb3 Nxb3 $11 {[%mdl 4096] Endgame KBN-KBN} 28. Kf1 Kf8 29. Ke2 Ke7 30. Kd1 Kd7 31. Nd2 (31. g4 {seems wilder.} Na5 32. Kc2 Ke6 33. d4 Nc4 34. d5+) 31... Na5 32. Nc4 Nxc4 33. dxc4 $15 {KB-KB} Ke6 34. g4 Bg5 35. Bxg5 {The position is equal.} hxg5 $11 {KP-KP} 36. a5 Kf6 37. Ke2 Ke6 38. Ke3 g6 39. f3 f6 40. Kd3 Ke7 {Accuracy: White = 96%, Black = 96%.} 1/2-1/2

[Event "73rd RUS-ch Higher League 2020"]
[Site "Sochi"]
[Date "2020.10.08"]
[Round "1.3"]
[White "Predke, Alexandr"]
[Black "Lobanov, Sergei"]
[Result "1/2-1/2"]
[WhiteElo "2676"]
[BlackElo "2510"]
[Annotator "TA"]
[PlyCount "143"]
[EventDate "2020.10.08"]
[EventType "swiss"]
[EventCountry "RUS"]
[SourceTitle "playchess.com"]
[Source "ChessBase"]
[SourceQuality "1"]

{[%evp 16,143,7,7,16,6,13,0,10,15,0,0,34,25,28,28,34,38,42,28,36,29,33,28,36,29,29,39,31,23,23,23,29,25,26,9,9,0,25,0,0,0,0,0,23,23,57,23,58,31,58,58,58,58,65,65,65,65,65,65,65,65,65,54,65,47,54,54,46,25,65,65,65,58,65,65,65,31,65,31,31,31,31,31,30,31,31,31,31,31,26,18,118,41,41,18,18,18,18,18,24,18,24,18,18,18,24,24,24,24,24,24,24,24,24,24,24,24,24,24,24,24,25,18,25,0,25,25,25,31]} 1. Nf3 Nf6 2. c4 c5 3. e3 Nc6 4. Be2 g6 5. b3 Bg7 6. Bb2 O-O 7. O-O b6 8. d4 cxd4 9. Nxd4 Nxd4 {A30: Symmetrical English: Double Fianchetto and Hedgehog.} 10. Bxd4 Bb7 11. Bf3 Bxf3 {The position is equal.} 12. Qxf3 d5 13. Rd1 dxc4 14. Bxf6 $1 Bxf6 15. Rxd8 Rfxd8 16. Nc3 $1 Bxc3 17. Rc1 cxb3 18. axb3 ({Not} 18. Rxc3 $2 Rac8 $19) 18... Bb4 19. h4 {[%mdl 1024] [#] White has compensation.} a5 $146 ({Predecessor:} 19... Rac8 20. Rxc8 Rxc8 21. h5 Rc1+ 22. Kh2 Bd6+ 23. g3 Kg7 24. h6+ Kxh6 25. Qxf7 g5 26. Kh3 Rc5 27. Kg4 a5 28. f4 {1-0 (28) Slobodjan,R (2509)-Espig,L (2302) Germany 2013}) 20. Qc6 Bc5 21. h5 Ra7 22. g3 Rad7 23. Kg2 Rd6 24. Qe4 Re6 25. Qg4 Rd2 26. Kg1 h6 27. hxg6 Rxg6 28. Qc8+ Kg7 29. Rc4 Rd5 30. Kg2 $36 {[%mdl 2048] White fights for an advantage.} Rdd6 31. Qc7 Kf8 32. Rc2 Rd3 33. Qe5 {Black must now prevent Qh8+.} Kg8 34. Rc4 Rg5 35. Qb2 $1 Rd6 36. Re4 Rdd5 37. Qe2 Rg6 38. Rf4 Rdd6 39. Qb5 {[#] White threatens Qe8+! and mate.} Kg7 40. Qe8 {[%csl Ge8][%cal Rf4f7]} (40. Qc4 {seems wilder.} Rgf6 41. Rg4+ Rg6 42. Qc3+ Kg8 43. Rf4) 40... Rdf6 41. Rc4 Rg5 42. Qd7 Rff5 43. Qa4 Rd5 44. Qa1+ Kg8 45. Qc3 Rg6 46. Ra4 Rgg5 47. Ra2 Rd6 48. Re2 Rgd5 49. Qc4 Rd2 50. Qg4+ Kf8 51. Rxd2 Rxd2 $14 {[%mdl 4096] Endgame KQ-KRB} 52. Qe4 Kg8 53. g4 Bd6 (53... Kg7 $11 {keeps the balance.}) 54. Qa8+ (54. Qc6 $16) 54... Kg7 55. Qa6 Bc5 {[#] aiming for ...Bxe3.} 56. Qc4 {And now Qc3+ would win.} Rd6 57. Kg3 Rf6 58. Qd5 Kg8 59. Qe4 Kg7 60. Qd3 Rd6 61. Qc3+ Kg8 62. Kf3 Rf6+ 63. Ke2 Re6 64. Qc4 Kg7 65. Qd5 Kg8 66. Qh5 Kg7 67. Qf5 Kg8 68. Qd5 Kg7 69. Kf3 Kg8 70. Kg3 Bd6+ 71. Kg2 Bc5 72. Kf3 {Accuracy: White = 88%, Black = 82%.} 1/2-1/2

[Event "73rd RUS-ch Higher League 2020"]
[Site "Sochi"]
[Date "2020.10.08"]
[Round "1.4"]
[White "Nesterov, Arseniy"]
[Black "Sjugirov, Sanan"]
[Result "0-1"]
[WhiteElo "2510"]
[BlackElo "2675"]
[Annotator "TA"]
[PlyCount "98"]
[EventDate "2020.10.08"]
[EventType "swiss"]
[EventCountry "RUS"]
[SourceTitle "playchess.com"]
[Source "ChessBase"]
[SourceQuality "1"]

{[%evp 9,98,16,23,0,0,0,7,0,6,7,10,16,19,18,10,12,21,10,39,0,45,40,50,27,33,13,19,9,19,0,0,0,0,-13,-11,-8,-13,-7,-3,-7,0,-14,0,-8,-8,-8,-10,-9,-5,-23,-24,-24,-23,-37,-30,-36,-16,-70,-70,-70,-70,-45,-43,-43,-10,-187,-176,-244,-244,-132,-132,-375,-368,-395,-397,-391,-387,-362,-362,-434,-411,-427,-390,-441,-433,-420,-388,-939,-781,-743,-724]} 1. d4 Nf6 2. c4 e6 3. Nf3 d5 4. Nc3 Nbd7 5. Bg5 Bb4 6. Bxf6 {D38: Queen's Gambit Declined: Ragozin Defence (4 Nf3 Bb4).} (6. cxd5 {with more complications.} exd5 7. e3 O-O 8. Bd3 c5 9. O-O) 6... Bxc3+ 7. bxc3 Nxf6 8. e3 {The position is equal.} O-O 9. Bd3 b6 {[#]} 10. cxd5 $146 ({Predecessor:} 10. O-O Bb7 11. Ne5 Qd6 12. h3 c5 13. a4 cxd4 14. cxd5 Qxe5 15. cxd4 Qxd5 16. f3 {0-1 (35) Feige,D (1739)-Roethel,D (1630) Mecklenburg VP 2000}) 10... Qxd5 11. O-O Bb7 12. Re1 Qa5 13. Ne5 Rad8 14. Qc2 h6 15. a4 {Bb5 is the strong threat.} Nd7 16. Nc4 Qg5 {[%csl Gb7][%cal Rg5g2] [#]} 17. f4 Qe7 18. a5 b5 19. Nd2 a6 20. c4 bxc4 $1 21. Be4 Bd5 22. Nxc4 c5 23. Bxd5 $1 exd5 24. Nb6 cxd4 25. exd4 Qd6 26. Qd3 Nxb6 27. axb6 Qxb6 28. Rxa6 Qc7 29. f5 Rfe8 30. Raa1 Qf4 31. Rxe8+ Rxe8 $11 {[%mdl 4096] Endgame KQR-KQR} 32. Rf1 Qg5 (32... Qh4 {keeps more tension.} 33. g3 Qe4 34. Qd2 Kh7 35. Rf4 Qb1+) 33. Qb5 (33. f6 $11) 33... Qe3+ $15 34. Kh1 Qe4 $36 {[%mdl 2048] Black has some pressure.} 35. h3 Rc8 36. f6 g5 37. Rd1 $2 (37. Qd7 $1 $11 {and White has nothing to worry.} Rc2 38. Rf3) 37... Rc2 $19 {[%csl Gc2][%cal Re4g2]} 38. Qf1 {[#]} (38. Rg1 $142) 38... Re2 $1 39. Ra1 ({Better is} 39. Qf3 $19) 39... Kh7 $17 40. Qg1 $2 {This move loses the game for White.} (40. Kh2 $17) 40... Re3 $19 {( -> ...Rxh3+)} 41. Kh2 Qxd4 42. Qb1+ Qe4 43. Qxe4+ Rxe4 {KR-KR} ({Less strong is} 43... dxe4 44. Ra8 $19) 44. Ra6 h5 45. Rd6 Rd4 46. Kg3 h4+ 47. Kf3 Rd2 48. g3 $2 (48. g4) 48... Rd3+ 49. Kg4 hxg3 {Accuracy: White = 66%, Black = 92%.} 0-1

[Event "73rd RUS-ch Higher League 2020"]
[Site "Sochi"]
[Date "2020.10.08"]
[Round "1.5"]
[White "Fedoseev, Vladimir"]
[Black "Zabotin, Alexander"]
[Result "1/2-1/2"]
[WhiteElo "2674"]
[BlackElo "2486"]
[Annotator "TA"]
[PlyCount "84"]
[EventDate "2020.10.08"]
[EventType "swiss"]
[EventCountry "RUS"]
[SourceTitle "playchess.com"]
[Source "ChessBase"]
[SourceQuality "1"]

{[%evp 12,84,49,10,17,10,3,-16,11,-19,0,0,6,0,29,15,2,0,0,0,8,0,0,0,0,0,0,0,0,0,0,0,0,0,0,0,0,-25,-31,-64,-67,-62,-48,-74,-66,-62,-54,-61,0,0,0,0,0,0,0,0,0,0,0,0,0,0,0,0,0,0,0,0,0,0,0,0,0,0,0]} 1. c4 e6 2. Nc3 d5 3. d4 Nf6 4. cxd5 Nxd5 5. e4 Nxc3 6. bxc3 c5 7. a3 {7.Rb1 is a critical line.} Be7 {D35: Queen's Gambit Declined: Exchange Variation.} 8. Nf3 O-O 9. h4 b6 {[#]} 10. Bd3 $146 ({Predecessor:} 10. Be3 Qc7 11. Rc1 Bb7 12. Bd3 c4 13. Bc2 Bxa3 14. Rb1 Nd7 15. e5 f6 16. exf6 Bxf3 17. Qxf3 Nxf6 {1-0 (43) Christensen,T (2221)-Krogh,P (2018) Denmark 2003}) 10... Ba6 11. Bf4 Bxd3 12. Qxd3 cxd4 13. cxd4 Nd7 {[%cal Bb8d7,Bd7f6,Bf6e4][%mdl 32]} 14. Ke2 Rc8 15. Rhc1 Nf6 16. Ne5 Bd6 17. Nxf7 Rxf7 18. Rxc8 Qxc8 19. Bxd6 Qc6 {[%mdl 64] Double Attack} 20. Be5 Nxe4 21. f3 Nd6 22. a4 Rd7 23. Ra2 Nc4 24. Bg3 {[#] Black must now prevent Rc2.} e5 $1 {[%mdl 512]} 25. Rc2 (25. dxe5 Rxd3) 25... Rxd4 26. Qc3 $1 Qe6 27. Bf2 {[#] And now Qb3 would win.} Nd6 $1 {Strongly threatening ...Rc4.} 28. Qc6 Rc4 29. Qa8+ Rc8 (29... Ne8 $15 30. Rxc4 Qxc4+ {[%mdl 64] Double Attack} 31. Ke1 Qc1+ 32. Ke2 Qc2+ 33. Ke1 Qc3+ 34. Ke2 Qc4+ 35. Ke1 Qc1+ 36. Ke2 Qc4+) 30. Rxc8+ $11 {The position is equal.} Nxc8 31. Kf1 Qd7 32. Kg1 Kf7 33. Qe4 {[%mdl 64] Double Attack} Ne7 34. h5 Nf5 35. g4 Nd4 36. Kg2 Qc6 37. Qd3 Qxa4 38. Bxd4 exd4 39. Qf5+ Kg8 40. Qc8+ Kf7 41. Qf5+ Kg8 42. Qc8+ Kf7 {Accuracy: White = 90%, Black = 90%.} 1/2-1/2

[Event "73rd RUS-ch Higher League 2020"]
[Site "Sochi"]
[Date "2020.10.08"]
[Round "1.6"]
[White "Murzin, Volodar"]
[Black "Sarana, Alexey"]
[Result "1/2-1/2"]
[WhiteElo "2465"]
[BlackElo "2657"]
[Annotator "TA"]
[PlyCount "80"]
[EventDate "2020.10.08"]
[EventType "swiss"]
[EventCountry "RUS"]
[SourceTitle "playchess.com"]
[Source "ChessBase"]
[SourceQuality "1"]

{[%evp 11,80,16,20,5,10,3,13,-4,12,8,6,-7,-8,-11,-15,-43,0,0,35,35,35,35,35,40,27,35,35,38,53,42,43,43,45,20,33,0,0,0,22,0,22,15,56,56,59,66,73,66,92,70,77,0,0,0,0,0,25,0,0,0,0,0,0,0,0,0,0,0,0,0,0]} 1. e4 e5 2. Nf3 Nc6 3. d4 exd4 4. Nxd4 Bc5 5. Nxc6 Qf6 6. Qf3 bxc6 7. Nd2 {C45: Scotch Game.} (7. Nc3 {looks sharper.} Bd4 8. Bc4 Rb8 9. Bb3 d6 10. Ne2) 7... d6 8. Bd3 Qxf3 9. gxf3 {[#]} Be6 $146 ({Predecessor:} 9... Ne7 10. Nb3 Bb6 11. a4 a5 12. Be3 f5 13. Bxb6 cxb6 14. O-O-O {½-½ (14) Berg,E (2594)-Inarkiev,E (2667) Rijeka 2010}) 10. Nb3 Bb6 11. Be3 Nf6 12. Rg1 g6 13. Ke2 Nd7 14. Nd4 $36 {[%mdl 2048] White is pushing.} Ne5 (14... Bxd4 {is interesting.} 15. Bxd4 O-O 16. Be3 Ne5 17. h4 a5) 15. Nxe6 fxe6 16. f4 Bxe3 17. fxe3 ({Reject} 17. fxe5 Bd4 $15) 17... Nxd3 18. cxd3 $14 {[%mdl 4096] Endgame KRR-KRR} Rb8 19. b3 Rb5 20. h4 Rh5 21. Rg4 Kd7 22. Rc1 Rb8 23. d4 Rbb5 24. Kd3 Rh6 25. e5 Ra5 26. Rc2 Rh5 27. Rh2 c5 28. Rg5 $1 Rh6 29. exd6 cxd6 30. e4 Rb5 31. d5 (31. dxc5 $16 Rxc5 32. Rxc5 dxc5 33. e5) 31... a5 $11 32. h5 exd5 33. Rxd5 gxh5 34. e5 Rb4 {The position is equal.} 35. Ke3 Kc6 36. Rxd6+ Rxd6 37. exd6 Kxd6 38. Rxh5 a4 39. Rxh7 axb3 40. axb3 Rxb3+ {Accuracy: White = 82%, Black = 85%.} 1/2-1/2

[Event "73rd RUS-ch Higher League 2020"]
[Site "Sochi"]
[Date "2020.10.08"]
[Round "1.7"]
[White "Paravyan, David"]
[Black "Samusenko, Maksim"]
[Result "0-1"]
[WhiteElo "2653"]
[BlackElo "2459"]
[Annotator "TA"]
[PlyCount "157"]
[EventDate "2020.10.08"]
[EventType "swiss"]
[EventCountry "RUS"]
[SourceTitle "playchess.com"]
[Source "ChessBase"]
[SourceQuality "1"]

{[%evp 10,157,60,54,54,40,47,38,59,50,52,-13,-12,-4,64,18,26,18,28,-8,25,-21,-19,-55,-58,-62,-64,-53,-56,-295,-133,-124,-126,-287,-289,-281,-274,-272,-273,-274,-281,-282,-293,-344,-339,-333,-271,-285,-295,-293,-250,-256,-251,-221,-233,-238,-187,-186,-186,-178,-180,-183,-183,-170,-128,-131,-129,-130,-125,-133,-115,-120,-114,-109,-93,-112,-109,-108,-110,-110,-77,-151,-147,-128,-108,-181,-92,-341,-335,-328,-322,-362,-175,-181,-184,-508,-189,-179,0,-269,-8,-8,-8,-8,-8,-1910,-3607,-2968,-2247,-12516,-9439,-8361,-7872,-2613,0,-194,-194,-194,-194,-1751,-37,-2917,-8,-8,0,-5089,-1693,-1237,-466,-12516,-12190,-29969,-29967,-29971,-29975,-29975,-29973,-29974,-29976,-29980,-29981,-29983,-29984,-29984,-29985,-29985,-29986,-29987,-29988,-29989]} 1. d4 Nf6 2. c4 d6 3. Nc3 e5 4. Nf3 Nbd7 5. e4 Be7 6. h3 c6 {A55: Old Indian Defence with Nf3 and e4.} 7. Be3 O-O 8. Qc2 {[#]} Qe8 $146 {White is slightly better.} ({Predecessor:} 8... a6 9. a4 a5 10. g4 exd4 11. Nxd4 d5 12. cxd5 cxd5 13. exd5 Nb6 14. d6 Qxd6 {½-½ (61) Dimakiling,O (2447)-Nguyen,T (2265) Ho Chi Minh City 2012}) 9. d5 Bd8 10. O-O-O (10. Be2 $14) 10... cxd5 $11 11. exd5 Bb6 (11... Ba5 $11) 12. Bxb6 axb6 13. Nd2 Nc5 14. Bd3 Bd7 15. Rhe1 Qc8 16. g4 {[#]} b5 $1 {[%mdl 512]} 17. cxb5 {[#]} (17. Nxb5 Bxb5) 17... Rxa2 $1 {[%mdl 512]} 18. Kb1 $1 (18. Nxa2 Nxd3+) 18... Ra7 19. b4 $2 (19. Nc4 $15) 19... Nxd3 (19... Qa8 $1 $19 {is more deadly. ( -> ...Ra1+)} 20. Nc4 (20. Bxh7+ $2 Nxh7 21. Nc4 Bxb5 $19) 20... Bxb5 $1 {[%mdl 512]} 21. bxc5 Bxc4) 20. Qxd3 $17 Ra3 $40 {[%mdl 128] Black goes for the king.} 21. Kb2 $2 {[#]} (21. Rc1 $17) 21... Bxb5 $1 $19 {[%mdl 512]} 22. Qc2 {[#]} (22. Nxb5 Rxd3) 22... Nxd5 $1 {[%mdl 512]} 23. Kxa3 {Black must now prevent Nde4.} (23. Nxd5 Ra2+) 23... Nxc3 24. Ra1 Qa8+ 25. Kb2 Na4+ 26. Rxa4 Bxa4 ({Not} 26... Qxa4 27. Qxa4 Bxa4 28. Nc4 $17) 27. Qd3 Bc6 28. b5 Bd7 29. Qxd6 Bxb5 30. Rxe5 Rd8 31. Qb4 Bc6 32. Nb3 Bd5 33. Qa5 Qxa5 34. Nxa5 {[%mdl 4096] Endgame KRB-KRN} Kf8 35. Re3 b6 36. Nb3 Be6 37. Kc2 g5 38. Nd2 h6 39. Re4 Rc8+ 40. Kd3 Ra8 41. Rb4 Ra3+ 42. Ke2 Ra6 $1 43. f4 gxf4 44. Kf3 Bd7 45. Nc4 (45. Rb3 $142) 45... b5 $17 46. Ne5 Be8 47. Kxf4 (47. Nd3 $17) 47... Ke7 ({Black should try} 47... Ra4 $19 48. Nd3 Ke7) 48. h4 $2 (48. Ke3 $17 {was necessary.}) 48... Ra4 $19 49. Nd3 Bd7 50. g5 hxg5+ (50... Be6 $142 51. Ke4 (51. gxh6 $2 Kf6 $17) 51... hxg5 52. hxg5 Bc4) 51. Kxg5 f6+ $1 52. Kg6 $2 (52. Kf4 {was the crucial defense.}) 52... Be8+ $2 (52... Bc6 53. Kf5 Bd5) 53. Kf5 Bd7+ (53... Bc6 $142 $1 54. Rf4 Bd7+ 55. Kg6 Rxf4 56. Nxf4 Bc6) 54. Kg6 Rxb4 $2 ({Better is} 54... Bc6 $1 $19 {[%cal Rc6e4]} 55. Kf5 Bd5) 55. Nxb4 {KB-KN} Ke6 56. Kg7 $1 Be8 {And now ...f5 would win.} 57. Nd3 $2 {[%mdl 8192]} (57. Na6 $11) 57... Kf5 58. Kf8 Bh5 59. Ke7 Be2 60. Nc1 Bg4 61. Nd3 Be2 $2 (61... Ke4 62. Nc5+ Kd4 63. Nb3+ Ke5) 62. Nc1 $1 Bd1 {aiming for ...Ke5.} 63. Nd3 Bh5 {Threatens to win with ...Ke4.} 64. Nb4 $2 {[#]} (64. Kd6) 64... Bf3 $2 (64... Ke5 $1 $19 65. Nc6+ Kd5 66. Nb4+ Kc4) 65. Nd3 $2 {[%mdl 8192]} (65. Kd6 $15) 65... Be4 $2 (65... Ke4 $19 66. Nc5+ Kd5) 66. Nc5 $11 Bf3 $2 {[%mdl 8192]} (66... b4 $11 67. h5 Bc2) 67. Nd3 $1 $19 Ke4 68. Nc5+ Kd4 69. Nb3+ {[#]} (69. Kd6 $142 Bg4 70. Ne6+ Ke4 71. Nc5+ Kd4 72. Ne6+ Ke4 73. Nc5+ Kd4) 69... Ke5 $1 70. Nc5 f5 {Black mates.} 71. Nd7+ Kd4 72. Kd6 f4 73. Nc5 b4 {[%cal Bb5b4,Bb4b3,Bb3b2][%mdl 32]} 74. Ne6+ Ke3 75. Ke5 Be4 76. Nc5 Bc2 77. Na6 b3 78. Nc7 b2 79. Kd6 {Accuracy: White = 53%, Black = 68%.} 0-1

[Event "73rd RUS-ch Higher League 2020"]
[Site "Sochi"]
[Date "2020.10.08"]
[Round "1.8"]
[White "Belyakov, Bogdan"]
[Black "Rakhmanov, Aleksandr"]
[Result "0-1"]
[WhiteElo "2458"]
[BlackElo "2646"]
[Annotator "TA"]
[PlyCount "194"]
[EventDate "2020.10.08"]
[EventType "swiss"]
[EventCountry "RUS"]
[SourceTitle "playchess.com"]
[Source "ChessBase"]
[SourceQuality "1"]

{[%evp 14,194,43,48,42,38,51,0,0,0,8,0,0,0,0,-4,5,-1,-8,-20,-13,-27,-23,-27,0,0,-1,-26,-12,-19,0,-73,-77,-73,-55,-79,-74,-73,-70,-97,-101,-99,-106,-91,-106,-91,-105,-154,-135,-154,-119,-135,-72,-93,-72,-78,-65,-83,-54,-59,-54,-58,-52,-58,0,-56,-54,-52,-50,-54,-54,-68,0,0,0,0,0,0,0,0,0,0,-1,-8,-8,-8,-8,-28,-28,-12827,-12828,-12831,-12822,-12831,-12831,-12831,-12831,-12834,-12827,-12828,-12828,-12829,-12829,-12828,-12828,-1927,-1636,-12839,-12839,-12838,-12838,-12842,-12842,-12839,-12840,-12843,-12843,-12845,-12843,-12851,-27999,-12851,-12851,-12851,-12851,-12851,-12851,-27998,-27998,-27999,-27999,-27978,-27999,-27975,-27998,-27999,-27998,-27999,-27999,-27979,-27996,-27999,-27999,-27993,-27997,-27999,-27998,-27999,-27999,-27978,-27998,-27999,-27999,-27979,-27999,-27983,-27983,-27984,-27984,-27985,-27984,-27986,-27986,-27990,-27990,-27991,-27991,-27992,-27992,-27993,-27993,-27994,-27994,-27995,-27995,-27996,-27996,-27997,-27995,-27996,-27996,-27997,-27997]} 1. e4 e6 2. d4 d5 3. Nc3 dxe4 4. Nxe4 Bd7 5. Nf3 Bc6 6. Bd3 Nd7 7. Qe2 Ngf6 8. Nxf6+ Nxf6 {C10: French with 3 Nc3: Unusual Black 3rd moves and 3...dxe4.} 9. c3 Qd5 $5 {[%mdl 4] [#] Exploring less charted territory.} 10. Bf4 $146 (10. O-O $14) ({Predecessor:} 10. Bd2 O-O-O 11. Bc4 Qe4 12. Qxe4 Nxe4 13. Ne5 Nxd2 14. Kxd2 Be8 15. b4 Bd6 16. Rhe1 {1-0 (28) Belic,J (2280)-Heinatz,G (2235) Dresden 1993}) 10... Bd6 $11 {The position is equal.} 11. Be5 Nd7 12. b4 Nxe5 13. dxe5 Be7 14. O-O O-O-O 15. Rfd1 Ba4 $1 {[%cal Ra4d1]} 16. Bc2 Qb5 $36 {[%mdl 2048] Black is more active.} 17. Qxb5 Bxb5 18. Nd4 Bc4 (18... Be8 {feels hotter.} 19. a4 Rd5 20. Nf3 Bc6 21. Re1 Rdd8) 19. Bb3 Bxb3 20. Nxb3 h5 21. f4 g5 22. Rf1 (22. Rxd8+ $11 {keeps the balance.} Rxd8 23. Rf1) 22... Rd3 $1 $17 23. fxg5 Bxg5 24. Rxf7 Rxc3 25. Kf1 Rc4 26. a3 b6 27. Rd1 Rf4+ 28. Rxf4 Bxf4 {[%mdl 4096] Endgame KRB-KRN} 29. g3 Bxe5 30. Re1 Bb2 31. a4 Rd8 32. Re3 Rd5 ({Black should play} 32... Rd1+ 33. Ke2 Rh1) 33. b5 Kd7 34. Ke2 Bf6 35. h3 Ke7 36. g4 hxg4 37. hxg4 Rg5 38. Re4 Rd5 ({Better is} 38... Kd7 $15) 39. Nd2 {[#]} (39. Re3 $1 $11) 39... a6 $1 {[%mdl 512]} 40. bxa6 Ra5 41. Nf3 Rxa6 42. g5 Bg7 (42... Bb2 $15) 43. Nd4 $11 Bxd4 44. Rxd4 {KR-KR} Ra5 45. Rg4 Kf7 46. g6+ Kg7 47. Re4 $1 Kf6 {With the idea ...Rg5.} ({Much less strong is} 47... Kxg6 48. Rxe6+ Kf7 49. Re4 $15) 48. Rc4 $1 Re5+ 49. Kf3 c5 50. Rg4 {g7 is the strong threat.} Kg7 {Black wants to play ...Rd5.} 51. Rg1 $2 {[%mdl 8192] Now White is beyond hope.} (51. Rg3 $11) 51... Rd5 $19 52. Ke4 Rd6 53. Rg3 c4 $1 54. Rc3 Rc6 55. Kd4 Kxg6 56. Rg3+ Kf5 57. Kc3 e5 58. Rf3+ Ke4 59. Rf1 {[#]} Rc5 $1 {[%cal Rc5a5]} 60. Rb1 {[#]} Ra5 $1 {[%cal Ra5a4]} 61. Re1+ Kf3 62. Kb4 e4 63. Rf1+ Kg2 64. Rf6 e3 65. Rxb6 Re5 66. Kxc4 Re4+ 67. Kd3 {[#]} e2 $1 {[%mdl 512]} 68. Rg6+ Kf3 69. Rf6+ Kg4 70. Kxe4 e1=Q+ {KQ-KR. Black mates.} 71. Kd5 Qa5+ 72. Ke6 Kg5 73. Rf8 Qb6+ 74. Kd7 Qb7+ 75. Ke6 Qc6+ 76. Ke7 Kg6 77. a5 Qc5+ 78. Ke8 Qc7 79. a6 Kg7 80. Rf1 Qc8+ 81. Ke7 Qc5+ 82. Kd8 Qd6+ 83. Ke8 Qe6+ 84. Kd8 Qxa6 85. Rc1 Qa5+ 86. Kc8 Kf7 87. Rc6 Ke7 88. Kb7 Kd7 89. Rb6 Qd5+ 90. Kb8 Qe4 91. Rb5 Kc6 92. Rb7 Qe8+ 93. Ka7 Qd8 {( -> ...Qd5)} 94. Rh7 Qa5+ 95. Kb8 Qb4+ 96. Ka7 Qa3+ 97. Kb8 Qb3+ {Accuracy: White = 84%, Black = 89%.} 0-1